Statistics for All First Pick Selections in the NHL

Click here to take the quiz!

General Stats

  • This quiz has been taken 21 times
    (7 since last reset)
  • The average score is 21 of 34

Answer Stats

YearTeamNationalityAnswer% Correct
2004Washington CapitalsRussiaAlexander Ovechkin
100%
2023Chicago BlackhawksCanadaConnor Bedard
100%
2015Edmonton OilersCanadaConnor McDavid
100%
2014Florida PanthersCanadaAaron Ekblad
83%
2016Toronto Maple LeafsUnited StatesAuston Matthews
83%
2022Montreal CanadiensSlovakiaJuraj Slafkovský
83%
2013Colorado AvalancheCanadaNathan MacKinnon
83%
2007Chicago BlackhawksUnited StatesPatrick Kane
83%
2018Buffalo SabresSwedenRasmus Dahlin
83%
2011Edmonton OilersCanadaRyan Nugent-Hopkins
83%
2005Pittsburgh PenguinsCanadaSidney Crosby
83%
2008Tampa Bay LightningCanadaSteven Stamkos
83%
2020New York RangersCanadaAlexis Lafrenière
67%
2001Atlanta ThrashersRussiaIlya Kovalchuk
67%
2019New Jersey DevilsUnited StatesJack Hughes
67%
2012Edmonton OilersRussiaNail Yakupov
67%
2017New Jersey DevilsSwitzerlandNico Hischier
67%
2021Buffalo SabresCanadaOwen Power
67%
2002Columbus Blue JacketsCanadaRick Nash
67%
2010Edmonton OilersCanadaTaylor Hall
67%
1998Tampa Bay LightningCanadaVincent Lecavalier
67%
2006St. Louis BluesUnited StatesErik Johnson
50%
1997Boston BruinsCanadaJoe Thornton
50%
2009New York IslandersCanadaJohn Tavares
50%
2003Pittsburgh PenguinsCanadaMarc-Andre Fleury
50%
1990Quebec NordiquesCanada/Northern IrelandOwen Nolan
50%
1993Ottawa SenatorsCanadaAlexandre Daigle
33%
1996Ottawa SenatorsCanadaChris Phillips
33%
1991Quebec NordiquesCanadaEric Lindros
33%
2000New York IslandersCanadaRick DiPietro
33%
1992Tampa Bay LightningCzechoslovakiaRoman Hamrlik
33%
1995Ottawa SenatorsCanadaBryan Berard
17%
1994Florida PanthersCanadaEd Jovanovski
17%
1999Atlanta ThrashersCzech RepublicPatrik Stefan
17%

Score Distribution

Percentile by Number Answered

Percent of People with Each Score

Your Score History

You have not taken this quiz since the last reset